书目信息 |
| 题名: |
文史拾荒:李乔随笔
|
|
| 作者: | 李乔 著 | |
| 分册: | ||
| 出版信息: | 上海 东方出版中心 1997.01 |
|
| 页数: | 316页 | |
| 开本: | 32开 | |
| 丛书名: | ||
| 单 册: | ||
| 中图分类: | I267.1 | |
| 科图分类: | ||
| 主题词: | 散文--中国 , 散文--作品综合集--中国 | |
| 电子资源: | ||
| ISBN: | 7-80627-111-2 | |
| 000 | 00581nam0 2200205 45 | |
| 001 | 0011201939 | |
| 005 | 20001120195731.4 | |
| 010 | @a7-80627-111-2@d18.00元 | |
| 100 | @a20001120d1997 km y0chiy0120 ea | |
| 101 | 0 | @achi |
| 105 | @a z 000yy | |
| 200 | 1 | @a文史拾荒:李乔随笔@AWen Shi Shi Huang:Li Qiao Sui Bi@f李乔著@FLi Qiao Zhu |
| 210 | @a上海@c东方出版中心@d1997.01 | |
| 215 | @a316页@d32开 | |
| 606 | 0 | @a散文@x中国 |
| 606 | 0 | @a散文@x作品综合集@x中国 |
| 690 | @aI267.1@v3 | |
| 701 | 0 | @a李乔@4著 |
| 801 | @aCN@bPftUser@c20001120 | |
| 905 | @b417805-809@dI267.1@eL.406@f5 | |
| 文史拾荒:李乔随笔/李乔著.-上海:东方出版中心,1997.01 |
| 316页;32开 |
| ISBN 7-80627-111-2:18.00元 |
| ● |
| 相关链接 |
|
|
|
正题名:文史拾荒:李乔随笔
索取号:I267.1/L.406
 
预约/预借
| 序号 | 登录号 | 条形码 | 馆藏地/架位号 | 状态 | 备注 |
| 1 | 417805 | 204178059 | 社科二线400B/400B社科库 27排2列6层/ [索取号:I267.1/L.406] | 在馆 | |
| 2 | 417806 | 204178068 | 社科二线400B/400B社科库 27排2列6层/ [索取号:I267.1/L.406] | 在馆 | |
| 3 | 417807 | 204178077 | 社科二线422/422社科库 27排3列3层/ [索取号:I267.1/L.406] | 在馆 | |
| 4 | 417808 | 204178086 | 文学库116/116文学库 10排2列3层/ [索取号:I267.1/L.406] | 在馆 | |
| 5 | 417809 | 204178095 | 社科二线400B/400B社科库 27排2列6层/ [索取号:I267.1/L.406] | 在馆 |